| 000 | 00335nam a22001337a 4500 | ||
|---|---|---|---|
| 005 | 20240604110751.0 | ||
| 008 | 240604b |||||||| |||| 00| 0 eng d | ||
| 100 | _aANTIQUARIANT FORUM | ||
| 245 | _aFROM PTOLEMY TO STUYVESANT | ||
| 260 |
_aUTRECHT _bHOUTEN _c2006 |
||
| 300 | _a180P. | ||
| 500 | _aINCLUDES AN INDEX | ||
| 942 |
_2lcc _cBK |
||
| 999 |
_c210263 _d210263 |
||